000 00507nmm a2200169Ia 4500
008 251105s9999||||xx |||||||||||||||||und||
020 _a9788498797107
041 _aspa
100 _aHegel, Georg Wilhelm Friedrich
245 0 _aFilosofía de la religión. Últimas lecciones
264 _a[Madrid, España] :
_bTrotta Editorial,
_c2018
300 _a376 páginas
490 _aTorre del Aire
650 _aPhilosophy, Ethics
856 _uhttps://public.digitaliapublishing.com/a/67379
942 _cCF
999 _c92008
_d92008